000 00450nab a2200145Ia 4500
003 ES-SlBCS
005 20210601125508.0
008 140529s2005 xxu||||| |||| 00| 0 eng d
041 _aeng
100 1 _aFerré, Frederick
_911922
245 0 4 _aThe Practicalty of Metaphysics
_c Frederick Ferré
650 0 4 _aPracticidad de la Metafísica
_9159311
773 0 _tReview of Methaphysics
_gvol. 58/3, nº. 231, 2005, págs. 519-528
_wRev843
942 _cAR
999 _c531252
_d531252